| 000 | 00469nam a22001577a 4500 | ||
|---|---|---|---|
| 020 | _a9780128201091 | ||
| 040 | _cNUST | ||
| 082 | _a004.22 PAT | ||
| 100 | _aPatterson, David A. | ||
| 110 |
_aHennessy, John L. _983772 |
||
| 245 |
_aComputer Organization and Design : _bThe Hardware/Software Interface |
||
| 250 | _a6th Edition | ||
| 260 |
_aUnited States of America: _bMorgan Kaufmann, _c2021. |
||
| 650 |
_aComputer Organization and Design _9711 |
||
| 942 |
_2ddc _cBK |
||
| 999 |
_c589999 _d589999 |
||